000 00916nam a2200253Ia 4500
005 20251020182505.0
008 200515s9999 xx 000 0 und d
020 _a958-8060-11-7
082 _a626.81/M26
100 _aMartín Vide, Juan Pedro
245 0 _aIngeniería fluvial
250 _a1a ed.
260 _aSantafé de Bogotá, D.C.
260 _bEDICIONS UPC ; Centro Editorial, Escuela Colombiana de Ingeniería
260 _c1997
300 _a291 p.
300 _bil., tbl., graf., fot., map.
500 _a1 ejemplar
520 _aSe expone de forma clara y concisa las teorías que han probado ser las mas acertadas para explicar los fenómenos involucrados en el flujo y el transporte de ríos. Se motiva la aplicación e ilustración de tales teorías en la sección de Problemas, seleccion
650 _aHIDRAULICA
650 _aINGENIERIA FLUVIAL
942 _cLIB
999 _c1254
_d1254